000 00822nam a2200229 a 4500
003 BD-DhJNU
005 20250702051902.0
008 810624s1981 caua b 001 0 eng
020 _a0803916744
040 _aBD-DhJNU
_bENG
_cBD-DhJNU
_dBD-DhJNU
082 0 0 _a324.973 ANA
_223
245 0 0 _aAnalyzing electoral history :
_ba guide to the study of American voter behavior /
_cedited by Jerome M. Clubb, William H. Flanigan, Nancy H. Zingale
260 _aBeverly Hills :
_bSage Publications,
_cc1981.
300 _a310 p. :
_bill. ;
_c23 cm.
504 _aIncludes bibliographical references and index.
650 0 _aVoting research
_zUnited States.
650 0 _aElections
_zUnited States
_xHistory.
700 1 _aClubb, Jerome M.,
_d1928-
700 1 _aFlanigan, William H.
700 1 _aZingale, Nancy H.
942 _cBK
999 _c1860
_d1860